00540nam a22001457a 4500003000400000008004100004020001800045082001700063100002300080245012700103260007500230300001600305650004800321700002500369OSt260629b |||||||| |||| 00| 0 eng d a9789394023253 a001.42bT84F aTrivedi, Guptnath  aFundamentals of Research and Publication Ethics (Based on latest Syllabus of UGC)/ by Guptnath Trivedi, Rakesh Mani Sharma aNew Delhi: bInternational Books & Periodicals Supply Service, c2023. axii, 169 p. aKnowledge | Generalities | Research Methods aSharma, Rakesh Mani